| 000 | 03094cam a22004694i 4500 | ||
|---|---|---|---|
| 003 | PE-LiUPU | ||
| 005 | 20250731173331.0 | ||
| 008 | 150625s1990 mnu r 000 0 eng d | ||
| 020 | _a0800615581 | ||
| 035 | _a(Sirsi) i9780800615581 | ||
| 040 |
_aPE-LiUPU _bspa _cPE-LiUPU _erda |
||
| 049 | _aPRUA | ||
| 082 | 0 | 4 |
_a232.96 _bC82 _221 |
| 100 | 1 |
_aCousar, Charles B., _eautor. |
|
| 245 | 1 | 2 |
_aA theology of the cross : _bthe death of Jesus in the Pauline letters / _cCharles B. Cousar. |
| 264 | 1 |
_aMinneapolis : _bFortress press, _c1990. |
|
| 300 |
_a194 páginas ; _c22 centímetros |
||
| 336 |
_atext _2rdacontent |
||
| 337 |
_aunmediated _2rdamedia |
||
| 338 |
_avolume _2rdacarrier |
||
| 505 | 0 | _aIntroducction "Theology of the cross" Ernst Käsemann on the death of Jesus plan of the book Excursus: The language of crucifixion -- Jesús' death and god -- God revealed in the crudified christ -- Jesus' death and human sinfulness "Christ(1 Cor. 1:18--2:5 )god's righteousness and christ's faithfulness (Rom. 3:21-26) God's love in christ's death (Rom. 5:6-8) Paul and the classic attributes of god Excursus: the crusified god -- Jesus' death and human sinfulness -- "Christ died for our sins"Three soteriological terms (Rom. 3:24-26) A pauline "Use" of the Atonement (Rom. 4:24-25) Participation in christ's death (Rom. 6:1-11) Reconciliation through christ's death (2 cor. 5:14-6:2 ) Paul and the historic views of the atonement -- Jesus' death and resurrection christ the firsfruits (1 corinthians 15) Jesus' resurrection as god's saving event -- Jesus' resurrection as the promise of the future Jesus' resurrection in the life of believers the relation of cross and resurrection -- Jesus' death and the people of god redefininf the people of god (Galatians 3) Proclaiming the lord' s death (1 Cor:11:17-34) Christ's death and the purity of the community (1 Cor. 5:1-13) Coclusion summary the unity of the church the holiness of the church. -Jesus' death and the christian life Boasting in the cros (Gal. 6:11-18) Always carrying in the body the death of Jesus (2 Cor. 4:7-15) conformity to christ's death (Phil. 3:211) Crucified but alive, weak but prowerful (2 Cor. 13:1-4) The siffering of the church. | |
| 526 | _aSEG42 | ||
| 526 | _aSEG41 | ||
| 526 | _aSEG40 | ||
| 526 | _aSEG39 | ||
| 526 | _aP94 | ||
| 526 | _aP87 | ||
| 526 | _aP86 | ||
| 526 | _aP85 | ||
| 526 | _aP77 | ||
| 526 | _aP76 | ||
| 526 | _aP35 | ||
| 600 | 2 | 4 |
_aPablo, apóstol _xContribuciones a la Teología de la cruz. |
| 630 | 1 | 4 |
_aBiblia. _pN. T. _pEpístolas de Pablo _xCrítica, interpretación, etc. |
| 650 | 2 | 4 | _aCrucifixión de Jesús. |
| 942 |
_2ddc _cBOOK |
||
| 949 |
_a232.96 C82 _wDEWEY _c1 _i59275 _lCCODEBUL1 _mBUL _r0 _sY _tBOOK _u2015-6-25 _xTEOLOGIA _PP35 _0COMPRA _o.STAFF. Colección General |
||
| 994 |
_aC0 _bPEPRU |
||
| 596 | _a1 | ||
| 999 |
_a232.96 C82 _wDEWEY _c48062 _i59275 _f2021-11-10 _g5 _lCCODEBUL1 _mBUL _p8.53 _r0 _sY _tBOOK _u2015-6-25 _xTEOLOGIA _PP35 _0COMPRA _o.STAFF. Colección Teología _d48062 |
||
| 980 |
_81 _gALBERTO SANCHEZ Responsable de Automatización |
||